000 00693nam a22002177a 4500
003 UA-OsUOA
001 94372
007 ta
008 20130208b un ||||| |||| 00| 0 ukr d
090 _a821.161.1
_bГ72
942 _cBK
040 _aUA-OsUOA
_brus
_cUA-OsUOA
_dUA-OsUOA
245 _aГосударство все нам держати
_bистория в романах, повестях, документах 15 век
_cСост. Хорошева А.
300 _a637 с.
955 _a3
041 _arus
080 _a821.161.1
260 _aМ.
_bМол. гвардия
_c1985
650 7 _a82 Література. Літературознавство
_2UDC
999 _c380615
_d380615